000 00307nam a22001337a 4500
008 170925b xxu||||| |||| 00| 0 eng d
020 _a9780763724863
041 _aeng
080 _22 ED
_a37
100 _a46
101 _aEDU
245 _aRN PREENTRANCE EXAM
_cMCDONALD,M.E
942 _2udc
_cBK
999 _c29736
_d29736